00405nam a2200157Ia 45000010006000000050017000060080041000230410008000640820016000721000025000882450081001132600009001943000028002036500008002316540008002391884520260306171700.0260306s9999||||xx |||||||||||||| ||und|| aESP a658.5bS64G aSocconini, LuiseAUT 0aCertificación Lean Six Sigma Green Belt para la excelencia en los negocios c2016 a344 páginas :c23 cm. aGEN aCAN